[Event "FIDE World Rapid Team"]
[Site "London ENG"]
[Date "2025.06.13"]
[Round "9.6"]
[White "Kistrup, Nicolai"]
[Black "Dasgupta, Avyukt"]
[Result "1-0"]
[WhiteElo "2221"]
[BlackElo "2083"]
[EventDate "2025.06.11"]
[Board "2"]

1. d4 Nf6 2. c4 e6 3. Nf3 Bb4+ 4. Nbd2 b6 5. a3 Bxd2+ 6. Nxd2 d6 7. e3 Bb7
8. b3 Nbd7 9. f3 c5 10. Be2 cxd4 11. exd4 d5 12. O-O O-O 13. a4 Nb8 14. Bb2
Nc6 15. c5 bxc5 16. dxc5 e5 17. b4 Nxb4 18. Bxe5 Qe7 19. Bd4 Nd7 20. Nb3
Rfc8 21. Re1 Qf8 22. Bb5 Bc6 23. Qd2 a6 24. Qxb4 Rab8 25. Na5 axb5 26. Nxc6
Rxc6 27. axb5 Rxc5 28. Bxc5 Nxc5 29. Rec1 Ne6 30. Qxf8+ Kxf8 31. Ra7 Ke8
32. Rb1 d4 33. b6 h6 34. Kf2 d3 35. Ke3 Nc5 36. Rc7 Ne6 37. Rc4 Kd7 38.
Kxd3 Rb7 39. Rb5 Kd6 40. h4 g5 41. h5 Nf4+ 42. Kd4 Kd7 43. g4 f6 44. Rc7+
Rxc7 45. bxc7 Ne6+ 46. Ke4 Kxc7 47. Rd5 Nf4 48. Rf5 Kd6 49. Rxf6+ Ke7 50.
Rxh6 Kf7 51. Kf5 Nh3 52. Rg6 Ng1 53. Rf6+ Kg7 54. h6+ Kh7 55. Kxg5 Nh3+ 56.
Kh5 Kg8 57. g5 Kh7 58. g6+ Kg8 59. h7+ Kg7 60. Rf7+ Kh8 61. Rf8+ 1-0

[Event "FIDE World Rapid Team"]
[Site "London ENG"]
[Date "2025.06.13"]
[Round "9.6"]
[White "Vashisht-Pigem, Raman"]
[Black "Nilssen, Ellen Fredericia"]
[Result "1-0"]
[WhiteElo "2015"]
[BlackElo "2104"]
[EventDate "2025.06.11"]
[Board "3"]

1. e4 e6 2. d4 d5 3. Nd2 c5 4. exd5 exd5 5. Ngf3 Nc6 6. Bb5 cxd4 7. O-O Bd6
8. Nb3 Ne7 9. Nbxd4 O-O 10. h3 Bc7 11. Re1 Qd6 12. Be3 Bd7 13. Be2 a6 14.
c3 Ng6 15. Bd3 Rae8 16. Qc2 Nxd4 17. Nxd4 Qe5 18. Nf3 Qh5 19. Bc5 Rxe1+ 20.
Rxe1 Rc8 21. Bxg6 hxg6 22. Qd1 g5 23. Bd4 Be6 24. Ne5 Qh4 25. Ng6 Qh6 26.
Ne7+ Kh8 27. Nxc8 Bxc8 28. Re8+ Kh7 29. Qd3+ f5 30. Rxc8 1-0

[Event "FIDE World Rapid Team"]
[Site "London ENG"]
[Date "2025.06.13"]
[Round "9.6"]
[White "Skytte, Robert"]
[Black "Mokhber-Garcia, Sebastian"]
[Result "1/2-1/2"]
[WhiteElo "1846"]
[BlackElo "1921"]
[EventDate "2025.06.11"]
[Board "4"]

1. e4 e5 2. Nf3 Nf6 3. d4 exd4 4. e5 Ne4 5. Qxd4 d5 6. exd6 Nxd6 7. Bd3 Nc6
8. Qf4 Qd7 9. O-O Qg4 10. Re1+ Be7 11. Nc3 Qxf4 12. Bxf4 O-O 13. h3 Be6 14.
Rad1 Bf6 15. Ne5 Nxe5 16. Bxe5 Bxe5 17. Rxe5 Rad8 18. Rde1 Rfe8 19. f4 c6
20. g4 Bd7 21. Kf2 f6 22. Re7 Rxe7 23. Rxe7 Kf8 24. Re2 h5 25. Kf3 Re8 26.
Ne4 Nxe4 27. Bxe4 Kf7 28. a3 hxg4+ 29. hxg4 Rh8 30. Kg3 Re8 31. Rd2 Bc8 32.
Re2 Rd8 33. Bd3 Rd4 34. f5 c5 35. b3 Bd7 1/2-1/2

[Event "FIDE World Rapid Team"]
[Site "London ENG"]
[Date "2025.06.13"]
[Round "9.6"]
[White "Maton, Emily"]
[Black "Derlich, Sarah Sima"]
[Result "1/2-1/2"]
[WhiteElo "1827"]
[BlackElo "1807"]
[EventDate "2025.06.11"]
[Board "5"]

1. d4 d5 2. Nf3 Nf6 3. Bf4 c5 4. e3 cxd4 5. exd4 Bg4 6. h3 Bxf3 7. Qxf3 Nc6
8. c3 e6 9. Bd3 Bd6 10. O-O O-O 11. Nd2 Rb8 12. Bg5 Be7 13. Bc2 h6 14. Bh4
Qc7 15. Qd3 g6 16. Qe3 Kg7 17. Nf3 Rfe8 18. Ne5 Nxe5 19. dxe5 Nd7 20. Bxe7
Rxe7 21. f4 Qb6 22. Qxb6 Nxb6 23. Bb3 f6 24. Rae1 fxe5 25. Rxe5 Nd7 26. Re2
Kf6 27. Rfe1 Rbe8 28. Ba4 a6 29. Bxd7 Rxd7 30. Kf2 g5 31. g3 Ree7 32. Ke3
e5 33. fxe5+ Rxe5+ 34. Kd4 Re4+ 35. Kd3 Rxe2 36. Rxe2 Re7 37. Rxe7 Kxe7 38.
Kd4 Kd6 39. g4 b6 40. a4 Ke6 41. b4 Kd6 42. a5 b5 43. Kd3 Ke6 44. Kd4 Kd6
45. Kd3 Ke6 46. Kd4 Kd6 1/2-1/2

[Event "FIDE World Rapid Team"]
[Site "London ENG"]
[Date "2025.06.13"]
[Round "9.6"]
[White "Andries, Leia"]
[Black "Lapidus, Alexey M."]
[Result "1/2-1/2"]
[WhiteElo "1708"]
[BlackElo "1884"]
[EventDate "2025.06.11"]
[Board "6"]

1. e4 c5 2. c3 d5 3. exd5 Qxd5 4. d4 g6 5. Nf3 Bg7 6. Qb3 Nf6 7. Bc4 Qe4+
8. Be3 O-O 9. Nbd2 Qf5 10. h3 Nc6 11. Qd1 cxd4 12. Nxd4 Nxd4 13. Bxd4 e5
14. Be3 b5 15. Bb3 Bb7 16. O-O Rfd8 17. Qe2 Nd5 18. Bxd5 Bxd5 19. Qxb5 Rab8
20. Qa4 Rxb2 21. Nb3 Qe6 22. Rab1 Rxb1 23. Rxb1 Rc8 24. Nc5 Qf5 25. Re1 e4
26. c4 Bc6 27. Qxa7 Qf6 28. Nd7 Qe7 29. Nb8 Qxa7 30. Bxa7 Ba8 31. c5 Bd4
32. Rd1 Be5 33. Nd7 Bg7 34. Nb6 Re8 35. Nxa8 Rxa8 36. Rd7 Rc8 37. Bb6 Bf8
38. Rd5 f5 39. a4 Kf7 40. Rd7+ Be7 41. a5 Ke6 42. Rb7 Bxc5 43. Rxh7 Bd6 44.
Be3 Ra8 45. Bb6 Bb4 46. Rg7 Bxa5 47. Bxa5 Rxa5 48. Rxg6+ Kf7 49. Rb6 Ra2
50. g4 fxg4 51. hxg4 Ra4 52. Kg2 e3 53. fxe3 Rxg4+ 54. Kf3 Ra4 55. e4 Ra3+
56. Kf4 Ra4 57. Kf5 Ra5+ 58. e5 Ke7 59. Rb7+ Ke8 60. Rh7 Ra1 61. Ke6 Ra6+
62. Kd5 Ra5+ 63. Ke4 1/2-1/2

[Event "FIDE World Rapid Team"]
[Site "London ENG"]
[Date "2025.06.13"]
[Round "9.7"]
[White "Sedykh, Mikhail"]
[Black "Khoury, Theo"]
[Result "1/2-1/2"]
[WhiteElo "2108"]
[BlackElo "2144"]
[EventDate "2025.06.11"]
[Board "1"]

1. d4 d5 2. c4 e6 3. Nc3 Nf6 4. cxd5 exd5 5. Bg5 c6 6. e3 h6 7. Bh4 Be7 8.
Bd3 O-O 9. Qc2 Re8 10. Nf3 Ne4 11. Bxe7 Qxe7 12. O-O Bf5 13. Rab1 Nd7 14.
b4 Nxc3 15. Qxc3 Bxd3 16. Qxd3 a6 17. Rfc1 Nb6 18. Ne5 Nc8 19. a4 Nd6 20.
h3 Qg5 21. Qe2 h5 22. Nf3 Qf6 23. Ne5 g6 24. Qf3 Qxf3 25. Nxf3 f6 26. Nd2
Kf7 27. Rc2 g5 28. Nb3 Kg6 29. Nc5 Re7 30. Rc3 h4 31. Kf1 Kh5 32. Ke2 g4
33. hxg4+ Kxg4 34. Rh1 Rg8 35. Rh3 Nf7 36. Rf3 Rg6 37. Rc1 Kh5 38. Nd3 Kh6
39. Rh1 Rxg2 40. Rxf6+ Kg5 41. Rg6+ Kxg6 42. Nf4+ Kf6 43. Nxg2 a5 44. Nxh4
axb4 45. Rb1 c5 46. dxc5 Re4 47. Nf3 Rc4 48. Nd4 Ne5 49. a5 Nd7 50. Nb3 Ke5
51. Nd2 Rc2 52. Rxb4 Nxc5 53. Kd1 Ra2 54. f4+ Kd6 55. Nb3 Nxb3 56. Rxb3 Kc7
57. Rc3+ Kd6 58. Rb3 Kc6 59. Rb6+ Kc7 60. Rb5 Kc6 61. Rb6+ Kc7 62. Rb5 Kc6
1/2-1/2

[Event "FIDE World Rapid Team"]
[Site "London ENG"]
[Date "2025.06.13"]
[Round "9.7"]
[White "Verbytski, Oleg"]
[Black "Bansal, Saahil"]
[Result "1-0"]
[WhiteElo "2090"]
[BlackElo "1874"]
[EventDate "2025.06.11"]
[Board "2"]

1. e4 c6 2. d4 d5 3. exd5 cxd5 4. c4 Nf6 5. Nc3 e6 6. Nf3 Be7 7. c5 O-O 8.
Bf4 Nc6 9. Bb5 Bd7 10. O-O b6 11. Bxc6 Bxc6 12. Ne5 Rc8 13. b4 bxc5 14.
bxc5 Qa5 15. Qc2 Nd7 16. Nxc6 Rxc6 17. Rab1 Bf6 18. Qd2 a6 19. Nxd5 Qd8 20.
Nxf6+ Nxf6 21. Bd6 Re8 22. Rfe1 Nd5 23. Rb2 h6 24. h3 Qf6 25. Qd3 Rcc8 26.
Reb1 a5 27. a3 Qg5 28. g3 h5 29. h4 Qh6 30. Rb7 Qf6 31. Ra7 g5 32. Rbb7
gxh4 33. Be5 Qg5 34. Rxf7 Qc1+ 35. Qf1 Qh6 36. Rg7+ Kf8 37. Raf7# 1-0

[Event "FIDE World Rapid Team"]
[Site "London ENG"]
[Date "2025.06.13"]
[Round "9.7"]
[White "Bharat Kumar, Balahari"]
[Black "Dicen, Elis Denele"]
[Result "1-0"]
[WhiteElo "1790"]
[BlackElo "1982"]
[EventDate "2025.06.11"]
[Board "3"]

1. d4 d5 2. c4 e6 3. Nc3 Nf6 4. Bg5 Nbd7 5. e3 Bb4 6. Nf3 c5 7. Bd3 dxc4 8.
Bxc4 cxd4 9. exd4 Qa5 10. Bd2 Nb6 11. Bb3 Bd7 12. O-O Qh5 13. Re1 O-O 14.
Re5 Qg4 15. Rg5 Qxg5 16. Bxg5 Be7 17. Ne5 Bc6 18. Nxc6 bxc6 19. Qf3 Rac8
20. Rd1 h6 21. Bxf6 Bxf6 22. Ne4 Be7 23. Ng3 Rfd8 24. Qg4 Nd5 25. Bxd5 Rxd5
26. Nh5 Rg5 27. Qe2 Rd8 28. Nf4 Bd6 29. Nd3 Rd5 30. Nc1 Be7 31. Nb3 c5 32.
Rc1 cxd4 33. Qd3 Bf6 34. Rc7 Re5 35. g3 a5 36. Nd2 Red5 37. Ne4 Rb8 38. b3
Bd8 39. Rc5 Rd7 40. Nd2 a4 41. Qc4 axb3 42. axb3 Rbb7 43. Rc8 Kh7 44. Qd3+
g6 45. Ne4 Rd5 46. Qf3 Kg7 47. Rxd8 Rxd8 48. Qf6+ 1-0

[Event "FIDE World Rapid Team"]
[Site "London ENG"]
[Date "2025.06.13"]
[Round "9.7"]
[White "Zhao, George"]
[Black "Ding, Yicheng"]
[Result "1-0"]
[WhiteElo "1939"]
[BlackElo "1761"]
[EventDate "2025.06.11"]
[Board "4"]

1. d4 Nf6 2. c4 e6 3. g3 d5 4. Nf3 c6 5. Bg2 Bd6 6. O-O O-O 7. Qc2 Nbd7 8.
Nbd2 Re8 9. e4 dxe4 10. Nxe4 Nxe4 11. Qxe4 Nf6 12. Qc2 c5 13. Rd1 cxd4 14.
Nxd4 Qe7 15. Nb5 Bc5 16. Bg5 Rb8 17. a3 a6 18. Nc3 h6 19. Bxf6 Qxf6 20. Ne4
Qe7 21. b4 Ba7 22. Nd6 Rd8 23. c5 Qc7 24. Rd3 Bd7 25. Nxb7 Rxb7 26. Bxb7
Qxb7 27. c6 Bxf2+ 28. Kxf2 Qa7+ 29. Qc5 Qxc5+ 30. bxc5 1-0

[Event "FIDE World Rapid Team"]
[Site "London ENG"]
[Date "2025.06.13"]
[Round "9.7"]
[White "Ding, Yiwen"]
[Black "Jakhria, Kushal"]
[Result "0-1"]
[WhiteElo "1704"]
[BlackElo "1956"]
[EventDate "2025.06.11"]
[Board "5"]

1. d4 Nf6 2. c4 g6 3. Nc3 d5 4. cxd5 Nxd5 5. Bd2 Bg7 6. e4 Nxc3 7. Bxc3 O-O
8. Bc4 c5 9. Ne2 Nd7 10. O-O Nb6 11. Bb3 cxd4 12. Bxd4 Bxd4 13. Qxd4 Qxd4
14. Nxd4 a6 15. Rfd1 Bd7 16. Rac1 Rac8 17. h3 Kg7 18. Ne2 Rfd8 19. Nc3 Bc6
20. Kf1 a5 21. a3 e6 22. f3 Kf6 23. Ke2 Nd7 24. Ba4 Nc5 25. Bxc6 Nb3 26.
Bxb7 Nxc1+ 27. Rxc1 Rb8 28. Ba6 Rxb2+ 29. Ke3 Rb3 30. Kf2 Rxa3 31. Rc2 Ra8
32. Be2 a4 33. Nb5 Rb3 34. Ra2 a3 35. Ke1 Rb1+ 36. Kf2 Rb3 37. Ke1 Ke5 38.
Kd1 Kf4 39. Kc2 Rb2+ 40. Rxb2 axb2 41. Kxb2 Kg3 42. Kc3 Kxg2 43. h4 Kg3 44.
h5 gxh5 45. Nd4 h4 46. Bf1 h3 47. Ne2+ Kxf3 48. Bxh3 Kxe2 49. Kd4 Ra5 50.
Bg4+ Kf2 51. Kd3 f5 52. exf5 exf5 53. Kd4 0-1

[Event "FIDE World Rapid Team"]
[Site "London ENG"]
[Date "2025.06.13"]
[Round "9.7"]
[White "Kendall, Arthur"]
[Black "Ding, Yihua"]
[Result "1-0"]
[WhiteElo "1712"]
[BlackElo "1536"]
[EventDate "2025.06.11"]
[Board "6"]

1. d4 Nf6 2. c4 e6 3. g3 Be7 4. Bg2 O-O 5. Nf3 d6 6. Nc3 Nbd7 7. e4 c5 8.
O-O Rb8 9. d5 exd5 10. exd5 Nb6 11. Qd3 Bd7 12. b3 h6 13. Re1 Re8 14. Bb2
a6 15. Nh4 Qc7 16. Nf5 Bxf5 17. Qxf5 Qd7 18. Qf3 Qc7 19. Bh3 Nbd7 20. Ne4
Nxe4 21. Rxe4 Bf6 1-0

[Event "FIDE World Rapid Team"]
[Site "London ENG"]
[Date "2025.06.13"]
[Round "9.8"]
[White "Hill, Alistair"]
[Black "Kawuma, Patrick"]
[Result "1/2-1/2"]
[WhiteElo "2095"]
[BlackElo "2218"]
[EventDate "2025.06.11"]
[Board "1"]

1. e4 c5 2. Nf3 e6 3. d4 cxd4 4. Nxd4 Nc6 5. Nc3 Qc7 6. g3 Nf6 7. Bg2 Nxd4
8. Qxd4 Bc5 9. Bf4 Qb6 10. Qd2 Bb4 11. a3 Be7 12. O-O O-O 13. e5 Ne8 14.
Ne4 f5 15. Nc3 Rb8 16. Rfd1 Rf7 17. Bf3 a6 18. Rab1 Qc7 19. Nd5 Qd8 20.
Nxe7+ Qxe7 21. c4 b6 22. b4 Bb7 23. Bxb7 Rxb7 24. Rbc1 h6 25. h4 Nc7 26.
Qd6 Qd8 27. a4 g5 28. hxg5 hxg5 29. Be3 f4 30. Bxb6 Qc8 31. Bxc7 Rxc7 32.
c5 fxg3 33. fxg3 Rc6 34. Qd3 Qb7 35. Rf1 Rg7 36. b5 axb5 37. axb5 Rc8 38.
Rf2 Qa7 39. b6 Qa5 40. Qd6 Qa3 41. Rcf1 Qxg3+ 42. Rg2 Qe3+ 43. Rff2 Qc1+
44. Rf1 Qe3+ 45. Rff2 Qc1+ 46. Rf1 Qxc5+ 47. Qxc5 Rxc5 48. Rb1 Rc8 49. b7
Rb8 50. Rc2 Rf7 51. Rc7 Kg7 52. Kg2 Kg8 53. Kg3 Rff8 54. Rxd7 Rf7 55. Rxf7
Kxf7 56. Kg4 Ke7 57. Kxg5 Kf7 58. Rb6 Rg8+ 59. Kh6 Rh8+ 60. Kg5 Rg8+ 61.
Kf4 Rb8 62. Rb1 Ke7 63. Rh1 Rf8+ 64. Ke4 Kd7 65. Rh7+ Kc6 66. Re7 Rb8 67.
Rxe6+ Kxb7 68. Kf5 Kc7 69. Rf6 Kd7 70. e6+ Ke8 71. Rh6 Rb1 72. Rh8+ Ke7 73.
Rh7+ Ke8 74. Rh8+ Ke7 75. Rh7+ 1/2-1/2

[Event "FIDE World Rapid Team"]
[Site "London ENG"]
[Date "2025.06.13"]
[Round "9.8"]
[White "Gurevich, Artjom"]
[Black "Stewart, Ashley"]
[Result "1/2-1/2"]
[WhiteElo "2137"]
[BlackElo "2056"]
[EventDate "2025.06.11"]
[Board "2"]

1. d4 Nf6 2. Nf3 g6 3. c4 Bg7 4. Nc3 O-O 5. g3 d6 6. Bg2 Nc6 7. O-O a6 8.
d5 Na5 9. b3 c5 10. dxc6 Nxc6 11. Bb2 Bf5 12. Qd2 Ne4 13. Nxe4 Bxb2 14.
Qxb2 Bxe4 15. Qd2 Qa5 16. Qxa5 Nxa5 17. Nd4 Bxg2 18. Kxg2 Nc6 19. Rfd1 Rfc8
20. Rd2 Kg7 21. e3 1/2-1/2

[Event "FIDE World Rapid Team"]
[Site "London ENG"]
[Date "2025.06.13"]
[Round "9.8"]
[White "Hanache, Kai"]
[Black "Andiwoh, Moses"]
[Result "1-0"]
[WhiteElo "2018"]
[BlackElo "1831"]
[EventDate "2025.06.11"]
[Board "3"]

1. e4 d5 2. exd5 Nf6 3. Nf3 Qxd5 4. Nc3 Qa5 5. d4 c6 6. Bc4 Bg4 7. Bd2 e6
8. h3 Qh5 9. Be2 Bd6 10. Rg1 Bxf3 11. Bxf3 Qa5 12. Qe2 Nbd7 13. d5 cxd5 14.
Nxd5 Qd8 15. Nxf6+ gxf6 16. O-O-O Qc7 17. Qb5 O-O-O 18. Ba5 Nb6 19. Bc3 Be7
20. Qh5 Na4 21. Qxf7 Nxc3 22. Qxe6+ Kb8 23. bxc3 Qxc3 24. Kb1 Bc5 25. Qe4
Qb4+ 26. Qxb4 Bxb4 27. Kb2 Bc5 28. Rge1 Kc7 29. Rxd8 Rxd8 30. Re2 Rd7 31.
Bg4 Re7 32. Rd2 b6 33. Bf5 h6 34. f3 a5 35. a4 Bb4 36. Rd4 Re2 37. Rd7+ Kc6
38. Rf7 Rxg2 39. Rxf6+ Kc5 40. Be4 Bd2 41. Kb3 Rg1 42. c3 1-0

[Event "FIDE World Rapid Team"]
[Site "London ENG"]
[Date "2025.06.13"]
[Round "9.8"]
[White "Mutisya, Jully"]
[Black "Franco, Gaston"]
[Result "1-0"]
[WhiteElo "1712"]
[BlackElo "2010"]
[EventDate "2025.06.11"]
[Board "4"]

1. d4 d5 2. Bf4 e6 3. e3 Nf6 4. Nf3 Bd6 5. Bg3 c5 6. c3 O-O 7. Nbd2 Qc7 8.
Ne5 Nc6 9. f4 cxd4 10. exd4 Ne4 11. Bd3 Nxd2 12. Qxd2 f6 13. Nf3 e5 14.
fxe5 fxe5 15. dxe5 Nxe5 16. Nxe5 Bxe5 17. O-O-O Bxg3 18. hxg3 Bf5 19. g4
Bxd3 20. Qxd3 Qf4+ 21. Rd2 h6 22. g3 Qxg4 23. Rh4 Qg5 24. Qxd5+ Qxd5 25.
Rxd5 Rf2 26. Rd2 Raf8 27. Rh2 Rxh2 28. Rxh2 Rf1+ 29. Kd2 Rg1 30. Rh3 Rg2+
31. Kc1 Kf7 32. a4 Kf6 33. Kb1 Kg5 34. a5 Re2 35. Rh4 Re5 36. b4 Re3 37.
Rc4 Rxg3 38. Rc7 Kf4 39. Rxb7 Rxc3 40. Kb2 Rc8 1-0

[Event "FIDE World Rapid Team"]
[Site "London ENG"]
[Date "2025.06.13"]
[Round "9.8"]
[White "Ciocan, Maria-Alexandra"]
[Black "Kabugu, Njagi"]
[Result "1-0"]
[WhiteElo "1924"]
[BlackElo "1695"]
[EventDate "2025.06.11"]
[Board "5"]

1. e4 e6 2. d3 d5 3. Nd2 c6 4. Ngf3 Be7 5. g3 Nf6 6. Bg2 O-O 7. e5 Nfd7 8.
O-O Qc7 9. Re1 c5 10. Nf1 b5 11. Bf4 Nc6 12. h4 Bb7 13. h5 Rad8 14. h6 g6
15. Ne3 Ndxe5 16. Nxe5 Nxe5 17. Ng4 f6 18. Nxe5 fxe5 19. Bxe5 Bd6 20. Bxd6
Qxd6 21. d4 Rf6 22. Qd2 Rdf8 23. f4 cxd4 24. Qxd4 Qb6 25. Qxb6 axb6 26. Bh3
Kf7 27. a4 bxa4 28. Rxa4 Ra8 29. Rb4 Ra6 30. Bf1 Ra7 31. Rxb6 e5 32. Rxf6+
Kxf6 33. fxe5+ Ke7 34. Bd3 Ra8 35. Kf2 Rf8+ 36. Ke3 Bc6 37. Ra1 Bd7 38. b4
d4+ 39. Kxd4 Rf3 40. Ra7 Ke8 41. Bxg6+ hxg6 42. h7 Rf8 43. Ra8+ 1-0

[Event "FIDE World Rapid Team"]
[Site "London ENG"]
[Date "2025.06.13"]
[Round "9.8"]
[White "Kuka, Kyle"]
[Black "Aryaman, Ganguly"]
[Result "0-1"]
[WhiteElo "1496"]
[BlackElo "1604"]
[EventDate "2025.06.11"]
[Board "6"]

1. e4 d5 2. exd5 Qxd5 3. d4 c6 4. Be3 Nf6 5. Nf3 Bf5 6. Be2 Qa5+ 7. c3 e6
8. Nbd2 Nbd7 9. O-O Qc7 10. a4 Bd6 11. Nc4 O-O 12. Nxd6 Qxd6 13. h3 Qc7 14.
Nh4 Bg6 15. Nxg6 hxg6 16. a5 Rad8 17. Qb3 Nd5 18. c4 Nxe3 19. fxe3 Nf6 20.
Bf3 Rfe8 21. Rfd1 Re7 22. Qa4 a6 23. b4 Red7 24. b5 cxb5 25. cxb5 axb5 26.
Qxb5 Nd5 27. Rac1 Qg3 28. Rc8 Rxc8 29. Qxd7 Qc7 30. Qxc7 Rxc7 31. Bxd5 exd5
32. Rb1 Kf8 33. Rb5 Rd7 34. Kf2 Ke7 35. Kf3 Kd6 36. e4 dxe4+ 37. Kxe4 Re7+
38. Kf4 Kc6 39. Rc5+ Kd6 40. Rb5 Kc6 41. Rc5+ Kd6 42. g4 Re2 43. Rb5 Kc6
44. d5+ Kxb5 0-1

[Event "FIDE World Rapid Team"]
[Site "London ENG"]
[Date "2025.06.13"]
[Round "10.1"]
[White "Nihal, Sarin"]
[Black "Erigaisi, Arjun"]
[Result "1/2-1/2"]
[WhiteElo "2676"]
[BlackElo "2708"]
[EventDate "2025.06.11"]
[Board "1"]

1. d4 d5 2. g3 g6 3. Bg2 Bg7 4. c3 Nf6 5. Nf3 O-O 6. O-O a5 7. a4 c6 8. Re1
Ne4 9. Nbd2 Nxd2 10. Nxd2 Be6 11. e4 dxe4 12. Nxe4 Nd7 13. h4 h6 14. Bf4
Bd5 15. Qd2 f5 16. Nc5 Nxc5 17. dxc5 Bxg2 18. Kxg2 Qxd2 19. Bxd2 e5 20.
Rad1 Kf7 21. b4 Rfd8 22. Be3 f4 23. Bc1 f3+ 24. Kh3 Ke6 25. bxa5 Rxd1 26.
Rxd1 Bf8 27. Kg4 Rxa5 28. Kxf3 Rxa4 29. Rd8 e4+ 30. Kg2 Be7 31. Rg8 Kf7 32.
Rb8 Bxc5 33. Rxb7+ Ke6 34. Rg7 Ra2 35. Rxg6+ Kf5 36. Rxc6 Bxf2 37. Bxh6
Be3+ 38. Kh3 Bxh6 39. Rxh6 e3 40. g4+ Kf4 41. Rf6+ Ke5 42. Rf5+ Ke4 43. Kg3
Ra1 44. Rf4+ Kd3 45. Rf3 Rg1+ 46. Kf4 Re1 47. h5 Kd2 48. Rxe3 Rxe3 49. h6
Rh3 50. g5 Kxc3 51. Ke5 Kc4 52. Kf6 Kd5 53. Kg7 Ke6 54. g6 Kf5 55. h7 Rh1
56. h8=Q Rxh8 57. Kxh8 Kxg6 1/2-1/2

[Event "FIDE World Rapid Team"]
[Site "London ENG"]
[Date "2025.06.13"]
[Round "10.1"]
[White "Anton Guijarro, David"]
[Black "Eljanov, Pavel"]
[Result "1/2-1/2"]
[WhiteElo "2625"]
[BlackElo "2614"]
[EventDate "2025.06.11"]
[Board "2"]

1. Nf3 d5 2. c4 e6 3. g3 dxc4 4. Qa4+ Bd7 5. Qxc4 c5 6. d4 Nc6 7. dxc5 Qa5+
8. Nc3 Qxc5 9. Qxc5 Bxc5 10. Bg2 Nf6 11. O-O Ke7 12. a3 Rac8 13. Bf4 Bd6
14. Bxd6+ Kxd6 15. Rfd1+ Ke7 16. Nb5 Ne8 17. Ng5 f6 18. Nf7 Rf8 19. Nfd6
Nxd6 20. Nxd6 Rb8 21. Rac1 Rfd8 22. b4 Be8 23. Nxe8 Rxd1+ 24. Rxd1 Rxe8 25.
Bxc6 bxc6 26. Rc1 Kd6 27. Rc5 Rd8 28. Ra5 Rd7 29. f4 e5 30. fxe5+ fxe5 31.
Kf2 Ke6 32. Kf3 h5 33. e3 Kf5 34. h3 Re7 35. Rc5 Re6 36. e4+ Kf6 37. Ra5
Re7 38. Ra6 Rc7 39. b5 Ke7 40. bxc6 Kd6 41. g4 Rf7+ 42. Kg3 hxg4 43. hxg4
Rf4 44. Rxa7 Kxc6 45. Rxg7 Rxe4 46. Rf7 Ra4 47. g5 Rxa3+ 48. Kg4 Kd5 49. g6
Ra1 50. g7 Ke6 51. Rf3 Rg1+ 52. Rg3 1/2-1/2

[Event "FIDE World Rapid Team"]
[Site "London ENG"]
[Date "2025.06.13"]
[Round "10.1"]
[White "Gledura, Benjamin"]
[Black "Mendonca, Leon Luke"]
[Result "1/2-1/2"]
[WhiteElo "2575"]
[BlackElo "2477"]
[EventDate "2025.06.11"]
[Board "3"]

1. g3 d5 2. c4 e6 3. cxd5 exd5 4. Nf3 Nf6 5. Bg2 Bd6 6. O-O O-O 7. Nc3 Re8
8. d3 c6 9. e4 Na6 10. exd5 cxd5 11. Be3 Bf5 12. Nd4 Bg6 13. Nc2 Nc5 14.
Nb4 d4 15. Bxd4 Ne6 16. Bxf6 Qxf6 17. Nc2 Rad8 18. Rb1 Bc5 19. Nd5 Qg5 20.
b4 Bb6 21. h4 Qe5 22. Nxb6 Bxd3 23. Re1 Qc3 24. Nd5 Qxc2 25. Qxc2 Bxc2 26.
Rbc1 Ba4 27. Nc3 Bc6 28. Bxc6 bxc6 29. Kg2 h6 30. Red1 Kf8 31. Na4 Rxd1 32.
Rxd1 a5 33. bxa5 Ra8 34. Nc3 Rxa5 35. a4 Ke7 36. Rb1 Ra7 37. Kf3 Kd6 38.
Ke3 f5 39. Rb8 Ke5 40. Rc8 Ra6 41. h5 Kd6 42. Rb8 Ra5 43. f4 Ra7 44. Kd2
Nc5 45. Rb4 Re7 46. Rd4+ Ke6 47. Rd8 Ra7 48. Re8+ Kd6 49. Rg8 Ke6 50. Re8+
Kd6 51. Rg8 1/2-1/2

[Event "FIDE World Rapid Team"]
[Site "London ENG"]
[Date "2025.06.13"]
[Round "10.1"]
[White "Pranav, V"]
[Black "Volokitin, Andrei"]
[Result "1-0"]
[WhiteElo "2537"]
[BlackElo "2568"]
[EventDate "2025.06.11"]
[Board "4"]

1. e4 e5 2. Nf3 Nf6 3. Nc3 Nc6 4. Bb5 Nd4 5. O-O c6 6. Bd3 Nxf3+ 7. Qxf3
Bc5 8. Be2 d6 9. d3 Bg4 10. Qg3 h5 11. Bg5 Qd7 12. h3 Bxe2 13. Nxe2 O-O-O
14. Qf3 Rdg8 15. Bxf6 gxf6 16. Ng3 h4 17. Nf5 Kb8 18. Kh2 Bb6 19. g3 hxg3+
20. fxg3 d5 21. Rae1 dxe4 22. Qxe4 Qe6 23. b3 Qd7 24. Re2 Ka8 25. h4 a6 26.
Kg2 Ka7 27. Qf3 Ka8 28. Re4 Ba7 29. a4 Qe6 30. Rg4 Rxg4 31. Qxg4 Qd5+ 32.
Qe4 Qc5 33. Qc4 Qa5 34. c3 Qc7 35. b4 Qd7 36. Qe4 Qe6 37. c4 Rd8 38. h5 Qe8
39. h6 Qg8 40. Ng7 Qf8 41. c5 Qe7 42. a5 Rh8 43. Rh1 Bb8 44. g4 f5 45. Qxf5
e4 46. Qxe4 Qg5 47. Nf5 Qd2+ 48. Kf3 Rd8 49. d4 Qc3+ 50. Qe3 Qxb4 51. Re1
Qxa5 52. Qe7 Rc8 53. Nd6 Rc7 54. Qe3 Rd7 55. h7 Rd8 56. Ne8 Rxd4 57. Qxd4
Qxe1 58. h8=Q Qf1+ 59. Ke3 Qe1+ 60. Kd3 Qd1+ 61. Kc3 Qa1+ 62. Kb3 Qb1+ 63.
Qb2 Qd3+ 64. Ka2 Qc4+ 65. Qb3 1-0

[Event "FIDE World Rapid Team"]
[Site "London ENG"]
[Date "2025.06.13"]
[Round "10.1"]
[White "Osmak, Yuliia"]
[Black "Tsolakidou, Stavroula"]
[Result "1-0"]
[WhiteElo "2343"]
[BlackElo "2394"]
[EventDate "2025.06.11"]
[Board "5"]

1. e4 c5 2. Nf3 d6 3. Bb5+ Nd7 4. a4 Nf6 5. Nc3 g6 6. O-O a6 7. Be2 Bg7 8.
d3 O-O 9. a5 b5 10. axb6 Nxb6 11. Qd2 a5 12. Qf4 Bg4 13. Bd2 a4 14. Ra3 Qb8
15. Rfa1 Bxf3 16. Bxf3 Nfd7 17. Qh4 Ne5 18. Bd1 Nc6 19. Bh6 Bf6 20. Bg5
Bxg5 21. Qxg5 Qb7 22. h4 Nd4 23. h5 f6 24. Qc1 Qd7 25. hxg6 hxg6 26. Qh6
Rf7 27. Nxa4 Rxa4 28. Rxa4 Nxa4 29. c3 Rh7 30. Qxg6+ Rg7 31. Bxa4 Nf3+ 32.
Kf1 Rxg6 33. Bxd7 Nh2+ 34. Ke2 Rxg2 35. Rh1 Ng4 36. Kf3 Rh2 37. Rg1 1-0

[Event "FIDE World Rapid Team"]
[Site "London ENG"]
[Date "2025.06.13"]
[Round "10.1"]
[White "Atharvaa, P Tayade"]
[Black "Sailaubay, Aldiyar"]
[Result "1-0"]
[WhiteElo "1952"]
[BlackElo "1831"]
[EventDate "2025.06.11"]
[Board "6"]

1. e4 d6 2. d4 Nf6 3. Nc3 e5 4. Nf3 Nbd7 5. Be2 Be7 6. O-O O-O 7. h3 c6 8.
a4 Re8 9. Re1 Qc7 10. Be3 Bf8 11. Bc4 exd4 12. Bxd4 Ne5 13. Bf1 h6 14. Nd2
Nfd7 15. f4 Ng6 16. Qf3 a6 17. a5 Qd8 18. Nc4 c5 19. Bf2 b5 20. e5 Rb8 21.
Nxd6 Bxd6 22. exd6 Rxe1 23. Rxe1 Bb7 24. Qe3 Qxa5 25. Bg3 b4 26. Nd1 Bd5
27. f5 Ngf8 28. Qd2 Bc6 29. Bc4 Nf6 30. Re7 Rb7 31. Bxf7+ Kh8 32. Be5 N8h7
33. Rxb7 Bxb7 34. d7 Qd8 35. Be6 Nf8 36. Bc7 Qxc7 37. d8=Q 1-0